Top 10 des bières vendues en France - Statistiques

Statistiques générales
  • Ce quiz a été pris 4 527 fois
  • Le résultat moyen est 4 sur 9
Statistiques - réponses
Ranking Marque de Bière % Correct
1 Heineken
91%
2 Leffe
79%
3 1664
74%
4 Desperados
68%
5 Kronenbourg
53%
6 Grimbergen
42%
10 Affligem
17%
7 Pelforth
17%
8 Bavaria
1%
Aucun quiz correspondant
Distribution des résultats
% des personnes avec chaque résultat
Percentile par nombre de réponses
Votre historique - résultats
Vous n’avez pas pris ce quiz